| 000 | 00835cam a22002411 4500 | ||
|---|---|---|---|
| 001 | gs 56000335 | ||
| 003 | DLC | ||
| 005 | 20260227111404.0 | ||
| 008 | 720309s1954 xx 000 0 eng | ||
| 010 | _ags 56000335 | ||
| 035 | _a(OCoLC)259831 | ||
| 040 |
_aDLC _cOAkU _dDLC |
||
| 042 | _apremarc | ||
| 050 | 0 | 0 |
_aQE185 _b.A2 no. 223, 1954 |
| 100 | 1 |
_aKindle, Edward Darwin, _d1906- |
|
| 245 | 1 | 0 | _aMineral resources, Hazelton and Smithers areas, Cassiar and Coast districts, British Columbia. |
| 250 | _aRev. ed. | ||
| 260 |
_aOttawa, _bE. Cloutier, Queen's printer, _c1954. |
||
| 300 |
_av, 148 p. _billus., maps (part fold., part col.) profiles, tables. |
||
| 410 | 2 | 0 |
_aGeological Survey of Canada. _tMemoir _v223 |
| 500 | _aPart of illustrative matter in pocket. | ||
| 650 | 0 |
_aMines and mineral resources _zBritish Columbia. |
|
| 999 |
_c29103 _d29103 |
||